ბათუმის შოთა რუსთაველის სახელმწიფო უნივერსიტეტის ბიბლიოთეკა

Фивы / (ბიბ.ჩანაწერი № 61039)

000 -LEADER
fixed length control field 00917nam a22001937a 4500
005 - DATE AND TIME OF LATEST TRANSACTION
control field 20231211152732.0
008 - FIXED-LENGTH DATA ELEMENTS--GENERAL INFORMATION
fixed length control field 231211s1973 ru ||||| |||| 00| 0 rus d
041 ## - LANGUAGE CODE
Language code of text/sound track or separate title rus
080 ## - UNIVERSAL DECIMAL CLASSIFICATION NUMBER
Universal Decimal Classification number 72.03+7 M-57
100 ## - MAIN ENTRY--PERSONAL NAME
Personal name Михаловский, Казимеж
9 (RLIN) 20657
245 ## - TITLE STATEMENT
Title Фивы /
Statement of responsibility, etc. Казимеж Михаловский ; Фотографии: Анджей Дзевановский; Перевод с польского: Лия Скальская.
264 ## - PRODUCTION, PUBLICATION, DISTRIBUTION, MANUFACTURE, AND COPYRIGHT NOTICE
Place of production, publication, distribution, manufacture Варшава:
Name of producer, publisher, distributor, manufacturer «Аркады»,
Date of production, publication, distribution, manufacture, or copyright notice 1973.
300 ## - PHYSICAL DESCRIPTION
Extent 86 с.:
Other physical details ил.;
Dimensions 29 cm.
440 ## - SERIES STATEMENT/ADDED ENTRY--TITLE
Title Искусство и культура Древнего мира
9 (RLIN) 20603
653 ## - INDEX TERM--UNCONTROLLED
keyword უძველესი სამყაროს კულტურა
700 ## - ADDED ENTRY--PERSONAL NAME
Personal name Дзевановский, Анджей
Relator term ფოტო
9 (RLIN) 20244
700 ## - ADDED ENTRY--PERSONAL NAME
Personal name Скальская, Лия
Relator term მთარგმნელი
9 (RLIN) 20658
942 ## - ADDED ENTRY ELEMENTS (KOHA)
Source of classification or shelving scheme
Koha item type წიგნი
ეგზემპლარები
Withdrawn status Lost status Source of classification or shelving scheme Damaged status Not for loan Permanent Location Current Location Shelving location Date acquired Cost, normal purchase price Full call number Barcode Date last seen Copy number Uniform Resource Identifier Price effective from Koha item type Public note
          ბათუმის შოთა რუსთაველის სახელმწიფო უნივერსიტეტის მთავარი ბიბლიოთეკა ბათუმის შოთა რუსთაველის სახელმწიფო უნივერსიტეტის მთავარი ბიბლიოთეკა წიგნსაცავი 2023-12-11 10.00 72.03+7 M-57 65565 2023-12-11 65565 ბსუ-ს საპატიო დოქტორის გურამ ლორთქიფანიძის საჩუქარი 2023-12-11 წიგნი 10 ლ.